The Greatest Secret of All (Record no. 11420)

MARC details
000 -LEADER
fixed length control field 00559nam a2200229 a 4500
001 - CONTROL NUMBER
control field 0001-1420
003 - CONTROL NUMBER IDENTIFIER
control field ELIB.Books
008 - FIXED-LENGTH DATA ELEMENTS--GENERAL INFORMATION
fixed length control field 160809 2010 eng
020 ## - INTERNATIONAL STANDARD BOOK NUMBER
International Standard Book Number 9781577316190
035 ## - SYSTEM CONTROL NUMBER
System control number (ELIB.Books)0001-1575
092 ## - LOCALLY ASSIGNED DEWEY CALL NUMBER (OCLC)
Classification number 158.1
Item number All
100 ## - MAIN ENTRY--PERSONAL NAME
Personal name Allen, MARC.
245 ## - TITLE STATEMENT
Title The Greatest Secret of All
260 ## - PUBLICATION, DISTRIBUTION, ETC. (IMPRINT)
Place of publication, distribution, etc. Novato:
Name of publisher, distributor, etc. New World Library
Date of publication, distribution, etc. 2008
300 ## - PHYSICAL DESCRIPTION
Extent 121
Dimensions 19 Cm
650 ## - SUBJECT ADDED ENTRY--TOPICAL TERM
Topical term or geographic name as entry element Psychology
856 ## - ELECTRONIC LOCATION AND ACCESS
Name of location of host KBTS Library
Uniform Resource Identifier <a href="KBTS: ELIB">KBTS: ELIB</a>
942 ## - ADDED ENTRY ELEMENTS (KOHA)
Source of classification or shelving scheme Dewey Decimal Classification
Koha item type Books
990 ## - EQUIVALENCES OR CROSS-REFERENCES [LOCAL, CANADA]
Link information for 9XX fields 1
998 ## - LOCAL CONTROL INFORMATION (RLIN)
Cataloger's initials, CIN (RLIN) bat
-- 2016-08-09
Holdings
Withdrawn status Lost status Source of classification or shelving scheme Damaged status Not for loan Home library Current library Date acquired Total Checkouts Barcode Date last seen Bill Date Koha item type
    Dewey Decimal Classification     Karen Baptist Theological Seminary Library Karen Baptist Theological Seminary Library 09/08/2016   15521 22/01/2022 22/01/2022 Books
Implemented & Customized by: BestBookBuddies

Powered by Koha